000 00805nam0a22002531 4500
001 rc\2974233
005 20250530001743.0
035 _a(NLR Aleph) 007120031
090 _a6853502
_c6853502
100 _a20110908d1933 |||y0rusy50 ca
101 0 _arus
102 _aRU
105 _ay z |||||
200 1 _aСудьба гор
_e[Пьеса]
_fС. Мстиславский
210 _aМосква
_cСовет. лит.
_d1933
_g"Интернац." тип.
215 _a131 с.
_d18х13 см
300 _aОбл.: Сергей Бигос
700 1 _aМстиславский
_bС.Д.
_f1876-1943
_gСергей Дмитриевич
702 1 _aБигос
_bС.
_gСергей
_4570
801 0 _aRU
_bNLR
_gpsbo
801 1 _aRU
_bELAR
_2rusmarc
852 _aNLR
_j33-2/629
942 _cBOOK
980 _aNB